|
|
|
|
| LEADER |
01008nam a2200277 a 4500 |
| 001 |
18975 |
| 003 |
BD-DhAAL |
| 008 |
090816r19981984wb b 001 0 eng d |
| 010 |
|
|
|a 84001001
|
| 020 |
|
|
|a 0415078768
|
| 040 |
|
|
|a DLC
|c DLC
|d DLC
|d BD-DhAAL
|
| 082 |
0 |
0 |
|a 306.4094
|
| 100 |
|
|
|a Fiske, John.
|9 54845
|
| 245 |
0 |
0 |
|a Understanding popular culture /
|c John Fiske.
|
| 260 |
|
|
|a Berlin ;
|a New York :
|b Mouton;
|b Routledge,
|c c1998.
|
| 300 |
|
|
|a viii, 206 pages ;
|c 20 cm.
|
| 504 |
|
|
|a Includes bibliographical references and index.
|
| 541 |
1 |
|
|e 18975
|
| 650 |
|
0 |
|a Popular culture
|z Europe
|x History.
|9 54842
|
| 650 |
|
0 |
|a Folklore
|z Europe.
|9 54843
|
| 651 |
|
0 |
|a Europe
|x Religious life and customs.
|9 54844
|
| 700 |
1 |
|
|a Fiske, John.
|9 54845
|
| 852 |
4 |
|
|a Ayesha Abed Library
|c General Stacks
|
| 942 |
|
|
|2 ddc
|c BK
|
| 999 |
|
|
|c 3295
|d 3295
|
| 952 |
|
|
|0 0
|1 0
|2 ddc
|4 0
|6 306_409400000000000_FIS
|7 0
|9 2987
|a BIGD
|b BIGD
|c GEN
|d 2009-08-31
|l 0
|o 306.4094 FIS
|p 3050018975
|r 2009-08-31
|t 1
|w 2009-08-31
|y BK
|x Transferred from BDI to BIGD.
|